Biggest Cities once in the Persian Empire - Statistics

General Stats
  • This quiz has been taken 342 times
  • The average score is 12 of 18
Answer Stats
Population City % Correct
14.0 mil Tehran
97%
7.00 mil Baghdad
91%
14.6 mil Istanbul
91%
4.75 mil Ankara
83%
17.1 mil Cairo
83%
3.53 mil Damascus
82%
25.1 mil Karachi
80%
5.25 mil Alexandria
75%
3.85 mil Kabul
74%
2.55 mil Tel Aviv
66%
5.20 mil Amman
65%
2.48 mil Baku
64%
4.28 mil Kuwait City
62%
2.98 mil Izmir
59%
4.15 mil Dubai
58%
2.80 mil Isfahan
51%
3.15 mil Mashhad
42%
2.50 mil Hyderabad (Pakistan)
17%
No matching quizzes found
Score Distribution
Percent of People with Each Score
Percentile by Number Answered
Your Score History
You have not taken this quiz